Statystyki dla Rzeki i ich źródła

Kliknij tutaj aby rozwiązać quiz!

Ogólne statystyki

  • Ten quiz został rozwiązany 33 razy
  • Średni wynik to 13 z 20

Statystyki odpowiedzi

RzekaŹródłoKraj% Poprawnych
DnieprWałdajRosja
93%
BugWerchobużUkraina
93%
DunajDonaueschingenNiemcy
90%
AmazonkaGóra QuehuishaPeru
90%
MekongLasaigongmaChiny
87%
OdraFidlův KopecCzechy
87%
TagGóry Montes UniversalesHiszpania
77%
RenJezioro TomaSzwajcaria
77%
MurrayCowombat FlatAustralia
70%
IndusGóra KajlasChiny
70%
KongoGóry KundelunguDemokratyczna Republika Konga
70%
TygrysJezioro HazarTurcja
63%
KolumbiaJezioro KolumbiaKanada
60%
OrinokoGóry Serra ParimaWenezuela
57%
UrugwajGóry Sierra do MarBrazylia
53%
NilRzeka KageraBurundi
50%
LimpopoGóry WitwatersrandRepublika Południowej Afryki
50%
ZambeziOkolice MwinilungaZambia
43%
OkawangoRzeki Cuito i CubangoAngola
37%
NigerGóra SougoulaGwinea
30%

Rozkład punktacji

Percentyl według liczby udzielonych odpowiedzi

Procent ludzi z każdym wynikiem

Twoja historia wyników

Nie rozwiązałeś tego quizu